000 00365nam a2200145Ia 4500
005 20251222144811.0
008 251222s9999||||xx |||||||||||||| ||spa||
020 _a9789972382017
082 _a519.2/M88
100 _aMoya C., Rufino
245 0 _aProbabilidades e Inferencia Estadística
250 _a1ra. ed.
264 _bEditorial San Marcos
942 _cLIB
999 _c20114
_d20114